Statistiken für Superlative der Länder Quiz

Klicken Sie hier um das Quiz zu spielen!

Allgemein

  • Dieses Quiz wurde 14.579 mal gespielt
  • Das Durchschnittsergebnis liegt bei 9 aus 20

Antwortstatistiken

KategorieLand% Korrekt
Meiste EinwohnerChina
99%
Meiste Fußball-WM-TitelBrasilien
96%
Größte LandflächeRussland
90%
Größte Wirtschaft (BIP, nominal)Vereinigte Staaten
82%
Höchstes GebäudeVereinigte Arabische
Emirate
68%
Meiste wilde TigerIndien
67%
Nördlichste HauptstadtIsland
64%
Meiste internationale TouristenFrankreich
60%
Meiste spanischsprechende PersonenMexiko
58%
Höchste Militärausgaben
(% des BIP)
Nordkorea
57%
Meiste InselnIndonesien
49%
Kleinste BevölkerungsdichteMongolei
36%
Größte Durchschnitsshöhe (Personen)Niederlande
33%
Höchster WasserfallVenezuela
22%
Meiste Tote wegen AIDS (2014)Nigeria
18%
Tiefste Erhebung auf LandIsrael oder Jordanien
16%
Meiste gesprochene SprachenPapua-Neuguinea
13%
Wenigste internationale TouristenNauru
11%
Meiste LandminenÄgypten
4%
Tiefste Fertilitätsrate †Singapur
4%

Verteilung der Resultate

Perzentil nach korrekt beantworteten Fragen

Anzahl Personen mit jedem Resultat

Ihre Resultats-Entwicklung

Sie haben dieses Quiz noch nicht gespielt